IFM Opac

The death duties (Record no. 16694)

MARC details
000 -LEADER
fixed length control field 00326nam a22001457a 4500
082 ## - DEWEY DECIMAL CLASSIFICATION NUMBER
Classification number 346.05 DYM
100 ## - MAIN ENTRY--PERSONAL NAME
Personal name Dymond,Robert
245 ## - TITLE STATEMENT
Title The death duties
250 ## - EDITION STATEMENT
Edition statement 12th
260 ## - PUBLICATION, DISTRIBUTION, ETC.
Place of publication, distribution, etc. London
Date of publication, distribution, etc. 1951
300 ## - PHYSICAL DESCRIPTION
Extent xxxviii
Other physical details 23cm.
500 ## - GENERAL NOTE
General note Includes indexes and appendixes
650 ## - SUBJECT ADDED ENTRY--TOPICAL TERM
Topical term or geographic name entry element The death duties
942 ## - ADDED ENTRY ELEMENTS (KOHA)
Koha item type Books
Holdings
Withdrawn status Lost status Damaged status Not for loan Home library Current library Shelving location Date acquired Total Checkouts Full call number Barcode Date last seen Price effective from Koha item type
Withdrawn       IFM Main Campus Library IFM Main Campus Library Stack Collection 10/04/2016   346.05 DYM 0000008406 10/04/2016 10/04/2016 Books